[Event "RUS-chT 12th"]
[Site "Sochi"]
[Date "2005.04.23"]
[Round "5"]
[White "Alekseev, Evgeny V"]
[Black "Tregubov, Pavel V"]
[Result "1/2-1/2"]
[WhiteElo "2597"]
[BlackElo "2612"]
[Annotator "Rogozenco,D"]
[PlyCount "70"]
[EventDate "2005.04.19"]
[EventType "team-tourn"]
[EventRounds "11"]
[EventCountry "RUS"]
[SourceTitle "EXT 2020"]
[Source "ChessBase"]
[SourceDate "2019.10.17"]
[SourceVersion "1"]
[SourceVersionDate "2019.10.17"]
[SourceQuality "1"]
[WhiteTeam "Togliatti Lada"]
[BlackTeam "Samara Yunilain"]
[WhiteTeamCountry "RUS"]
[BlackTeamCountry "RUS"]

1. e4 c5 2. Nf3 Nc6 3. d4 cxd4 4. Nxd4 Nf6 5. Nc3 e5 6. Ndb5 d6 7. Bg5 a6 8.
Na3 b5 9. Bxf6 gxf6 10. Nd5 f5 11. Bd3 Be6 12. O-O Bxd5 13. exd5 Ne7 14. Re1
Bg7 15. c3 O-O 16. Qh5 e4 17. Bf1 Re8 (17... Qc8 18. Rad1 $14 {/= is another
main line}) 18. Rad1 (18. Nc2 Nxd5 19. Qxf5 Re5 $11) 18... Ng6 {Krasenkow's
idea to sac the pawn scores well in the practice.} ({Also possible is the safe
} 18... Rc8 19. Nc2 Rc5 20. Ne3 f4 21. Nf5 Nxf5 22. Qxf5 Qf6 $1 $11) 19. Qxf5
Re5 20. Qh3 (20. Qg4 f5 21. Qh3 Nf4 $5 (21... Kh8 {0-1 Horvath,A (2528)
-Krasenkow,M (2632)/Budapest 2004 (54)}) 22. Qg3 Nh5 23. Qe3 f4 $44) 20... Nf4
21. Qg3 $146 {The idea of this novelty can be seen after the reply 21...Nxd5.
But Black has enough resources to keep the balance.} (21. Qg4 Nxd5 (21... Qf6
$6 22. g3 Nxd5 23. Rxe4 $16) 22. f4 Nf6 $1 23. Qe2 Rc5 24. Nc2 Qb6 25. Kh1 h5
26. Ne3 $14 {/= 1/2-1/2 Lutz,C (2596)-Krasenkow,M (2676)/Mallorca 2004 (35)})
21... Qf6 $1 (21... Nh5 22. Qe3 (22. Qg4 $5 Nf6 23. Qh4 Nxd5 $140 24. Rxe4 $16)
22... f5 $140 23. f4 $16) (21... Nxd5 22. f4 $1 {Comparing to the game
Lutz-Krasenkow mentioned above Black does not have 22...Nf6 attacking the
queen and therefore he is forced to take on f3.} exf3 (22... Rf5 23. Rxe4 $16)
23. Qxf3 Rxe1 24. Rxe1 {White has better prospects thanks to his superior pawn
formation and good control over light squares. His task is to bring the knight
from a3 into play, which will secure a real advantage.}) 22. Nc2 Kh8 {Black
decides to postpone taking on d5. The position is equal anyway.} (22... Nxd5
23. Ne3 Nxe3 $11) 23. Kh1 (23. Ne3 Rg5 24. Qh4 (24. Ng4 Qf5 25. f3 Be5 $17 26.
Nh6 $2 Nh3+ 27. Kh1 Bxg3 28. Nxf5 Bxe1 $19) 24... Re8 $44 {[%cal Gf4g6]}) 23...
Rae8 (23... Rg8 $5 $44) 24. Qe3 (24. Ne3 h5 $1 $44 (24... Rg5 25. Ng4 Qf5 26.
f3 h5 (26... Be5 $2 27. Nh6) 27. Ne3 Qf6 28. Qf2 exf3 29. Qxf3 Rge5 $44)) 24...
Nxd5 25. Qd2 {White's opening strategy failed and now he must play accurate to
keep the balance.} Rd8 26. g3 (26. f3 Bh6 27. Qd4 exf3 28. Rxe5 dxe5 29. Qe4
fxg2+ 30. Bxg2 Nf4 31. Rxd8+ Qxd8 32. Qxe5+ f6 33. Qd4 $11) 26... Nb6 27. Ne3
d5 28. Bg2 Ree8 29. Qe2 Qe6 (29... b4 $5 30. Qxa6 (30. cxb4 d4 31. Nf1 (31. Nc4
$2 d3 $19) 31... Qg6 $44 {[%cal Gf7f5]})) 30. Nc2 Nc4 31. Nd4 Qd7 32. h4 Ne5
33. Kh2 Ng4+ ({Black could try to play for more than a draw with} 33... f5 $1 {
For instance:} 34. Bh3 Qf7 $1 {[%cal Gf5f4]} 35. Bxf5 (35. Nxf5 Nf3+ $17) (35.
f4 exf3 36. Nxf3 Ng4+ $19) 35... Nd3 $17) 34. Kg1 Ne5 35. Kh2 Ng4+ 1/2-1/2

[Event "UKR-ch 73rd"]
[Site "Kharkov"]
[Date "2004.08.25"]
[Round "1.2"]
[White "Oleksienko, Mikhailo"]
[Black "Eljanov, Pavel"]
[Result "1/2-1/2"]
[WhiteElo "2424"]
[BlackElo "2613"]
[Annotator "Rogozenco,D"]
[PlyCount "88"]
[EventDate "2004.08.03"]
[EventType "k.o."]
[EventRounds "5"]
[EventCountry "UKR"]
[SourceTitle "CBM 103"]
[Source "ChessBase"]
[SourceDate "2004.11.11"]
[SourceVersion "1"]
[SourceVersionDate "2004.11.11"]
[SourceQuality "1"]

1. e4 c5 2. Nf3 Nc6 3. d4 cxd4 4. Nxd4 Nf6 5. Nc3 e5 6. Ndb5 d6 7. Bg5 a6 8.
Na3 b5 9. Nd5 Be7 10. Bxf6 Bxf6 11. c3 O-O 12. Nc2 Rb8 13. h4 {A very
fashionable move in 1990es, which has its explanation. First of all the usual
move 13.Be2 didn't promise White any opening advantage. Secondly the move 13.
h4 was successfully used by Kasparov. In 1994 he won brilliantly against
Kramnik and then against Lautier. Finally, this is a kind of continuation that
quickly conquers many people, especially after Kasparov's wins. The obvious
idea behind the advance of the h-pawn is to prevent Black from activating his
bishop, which suddenly raises new problems for Black, since the move Ne7
becomes less attractive because White can break opponent's pawn structure by
taking on f6. It is worth mentioning that the move 13.h4 was used for the
first time in 1979 by the present World Champion in Solving Chess problems,
John Nunn.} Be7 {This plan was played in several little-known games before
1997, when it started to gain popularity. It represents the main reason why
some players returned to the old 13.Be2 instead of 13.h4. After 13...Be7 Black
has an easy play, following the plan Be6, Qd7, Bd8, Ne7. Such a set-up has
multiple advantages for Black: 1. it fights for square d5; 2. it transfers the
bishop to a better diagonal a7-g1; 3. white pawn on h4 will look awkward, to
say the least.} 14. Bd3 {So far in the practice other moves promised no
advantage either.} Be6 ({The first over-the-board game in this line went:} 
14... f5 $6 15. exf5 Bxf5 16. Bxf5 Rxf5 17. Ncb4 $2 (17. Qg4 $14) 17... Nxb4
18. Nxb4 Qb6 $15 {1/2-1/2 Dussart,F-Ottosson,S/Spain 1995 (60)}) 15. Nce3 Qd7
16. g3 {The sad consequence of the move 13.h4. Obviously this cannot even
pretend to fight for any opening advantage. Let's see other possibilities:} (
16. a4 {The most consistent continuation.} Bd8 17. axb5 axb5 18. h5 (18. Qf3
Ne7 $11) 18... h6 {White's plus is rather insignificant.}) (16. Nf5 Kh8 17. a4
Bd8 18. axb5 axb5 19. g4 b4 20. Qa4 bxc3 21. bxc3 Na5 22. Qxd7 Bxd7 23. Ra2 Nb7
24. Kd2 g6 25. Nfe3 Nc5 26. Bc2 Kg7 $11 {1/2-1/2 Alves,L-Kovacs,L/ICCF Email
1998 (37)}) (16. Qf3 Kh8 (16... a5 17. Nf5 Kh8 18. Qg3 Rg8 19. h5 h6 20. O-O
Bg5 $11 {1/2-1/2 Colovic,A-Parligras,M/Subotica 2003 (47)}) (16... Bd8 17. Bc2
(17. g4 a5 18. g5 Kh8 19. Rg1 b4 20. h5 bxc3 21. bxc3 Qa7 22. h6 g6 23. a4 Qc5
$17 {0-1 Middelburg,T-Rogozenko,D/Netherlands 2000 (42)}) 17... Ne7 18. Bb3 Bb6
(18... b4 19. Nxb4 (19. cxb4 Bb6 $44) 19... a5 20. Nd3 Bxb3 21. axb3 Rxb3 22.
h5 h6 23. O-O $14) (18... a5 $142 19. h5 h6 $11) 19. Nxb6 Rxb6 20. h5 Bxb3 $6 (
20... h6 21. Rd1 a5 (21... b4 $5)) 21. axb3 Qe6 22. g4 f6 23. b4 Qb3 $6 24. Qe2
Qf7 $6 25. Rd1 Rd8 26. Nd5 Nxd5 27. Rxd5 $14 {/+/-, Korneev,O-Sprenger,J/
Madrid 2002}) 17. a3 Bd8 18. g4 a5 19. b4 Ne7 $11 {1/2-1/2 Iordachescu,
V-Skripchenko,A/Port Erin 2004 (47)}) (16. Qe2 Bd8 17. Rd1 Ne7 18. Bc2 a5 $11 {
1/2-1/2 Socko,B-Dziuba,M/Pardubice 2003 (29)}) 16... Bd8 17. O-O (17. Qf3 Ne7
18. g4 {Playing first g3 and then g4 does not impress. Black is better after}
b4 $1 {0-1 Babaev,R-Eljanov,P/Polanica Zdroj 2001 (45)}) (17. Qe2 Ne7 18. Nxe7+
Qxe7 19. a4 Bb6 20. axb5 axb5 21. O-O g6 22. Kh2 f5 23. exf5 gxf5 24. Qh5 e4
25. Bb1 b4 $17 {0-1 Zawadzka,J-Ris,R/Aghia Pelagia 2004 (60)}) (17. Bc2 Kh8 18.
Qd3 Bb6 19. Rd1 Bxe3 20. Nxe3 Rbd8 21. Bb3 Ne7 $11 {1/2-1/2 Paehtz,
T-Schmittdiel,E/Germany 2003 (38)}) 17... a5 (17... Ne7 18. Bc2 a5 {is the
same as the game.} (18... Nxd5 19. Nxd5 Bb6 20. a4 b4 $5 21. Nxb4 (21. cxb4 Bd4
$15) 21... Ba5 $44)) 18. Bc2 Ne7 19. Bb3 Nxd5 20. Bxd5 (20. Nxd5 a4 21. Bc2 Bb6
$11 {/=/+}) 20... Bb6 {Black reached a pleasant position. The bishop on
diagonal a7-g1 is particularly strong because of the weaknesses created on
White's kingside after the advance of h-pawn. On the other hand it is
difficult to break through White's defence.} 21. Re1 Bc5 22. a3 b4 (22... Kh8 {
Playing for f5 was another plan, although it wouldn't have brought anything
real:} 23. b4 (23. Qd2 Bxe3 24. Rxe3 f5 25. exf5 Bxd5 26. Qxd5 Qxf5 27. Rf1 $11
) 23... Bb6 $11) 23. axb4 axb4 24. Qd3 g6 25. Ra5 (25. c4 $6 Bd4 $15) 25...
bxc3 26. bxc3 Rb2 27. Re2 Rfb8 28. Ra8 Rxa8 29. Rxb2 {After so many exchanges
of pieces and pawns the draw becomes more evident. But suddenly White starts
to play carelessly.} Bxd5 30. Qxd5 (30. Nxd5 $4 Qh3 $19) 30... Ra7 (30... Ra1+
31. Kg2 {brings Black nothing: he must retreat the rook for defending the 7th
rank.}) 31. Rb8+ (31. Qd2 $142) 31... Kg7 32. Qd2 h6 (32... Qe6 $5 33. Kg2 (33.
Nd5 $2 Qh3 $19) 33... Ra2 {with some initiative.}) 33. Kg2 Qe6 34. Nd5 f5 $1
35. exf5 Qxf5 $15 36. Qe2 Qf7 37. c4 Bd4 38. f3 $2 {[%csl Rg2][%cal Ga2h2] A
terrible move, after which White is starting to walk on the edge.} ({Black
wins a pawn after} 38. Qf3 Qxf3+ 39. Kxf3 Rf7+ $17) ({but a simple move with
the rook on the b-file would have been enough to hold the position.} 38. Rb3
$15 {/=}) 38... Ra1 $17 39. Rc8 $2 Qf5 $19 40. Rc7+ Kf8 41. Nf4 {This is
desperation, since Black had lots of threats.} ({For instance:} 41. Rb7 Rg1+
42. Kh2 Rh1+ 43. Kxh1 Qh3+ 44. Qh2 Qf1+) 41... Rb1 $2 ({Black could win easily:
} 41... Rg1+ 42. Kh2 Qb1 43. Rc8+ (43. Ne6+ Kg8 44. Rg7+ Kh8 $19) 43... Kf7 44.
Rc7+ Ke8 $19 45. Nh3 Rc1) ({The computer finds another convincing win starting
with a pretty weird} 41... Ke8 {and White is not able to protect against the
winning attack.}) ({In the line} 41... Rc1 42. Qe4 Rc2+ 43. Kh1 Qxe4 {White
saves himself with an intermezzo:} 44. Ne6+ $1 {That's why the mashine wants
to start with 41...Ke8.}) 42. Qe4 {No more win for Black: his king became
vulnerable too.} Rb2+ 43. Kh1 Rb1+ 44. Kg2 Rb2+ 1/2-1/2

[Event "UKR-ch 73rd"]
[Site "Kharkov"]
[Date "2004.08.25"]
[Round "1.2"]
[White "Karjakin, Sergey"]
[Black "Kuzubov, Yuriy"]
[Result "0-1"]
[WhiteElo "2591"]
[BlackElo "2467"]
[Annotator "Rogozenco,D"]
[PlyCount "64"]
[EventDate "2004.08.03"]
[EventType "k.o."]
[EventRounds "5"]
[EventCountry "UKR"]
[SourceTitle "CBM 103"]
[Source "ChessBase"]
[SourceDate "2004.11.11"]
[SourceVersion "1"]
[SourceVersionDate "2004.11.11"]
[SourceQuality "1"]

1. e4 c5 2. Nf3 Nc6 3. d4 cxd4 4. Nxd4 Nf6 5. Nc3 e5 6. Ndb5 d6 7. Bg5 a6 8.
Na3 b5 9. Bxf6 gxf6 10. Nd5 f5 11. Bd3 Be6 12. c3 Bg7 13. Nxb5 {Two young and
talented Ukrainians are playing one of the sharpest lines of Sveshnikov
Sicilian. One would expect a great deal of imagination and over-the-board
improvisation.  No way! In our computer era the theory knowledge dominates. 
Home preparation and analysis played the decisive role even in this game.} axb5
14. Bxb5 Bd7 15. exf5 O-O 16. O-O ({The immediate} 16. Qg4 {offers Black
additional possibility: besides the standard reaction 16...Kh8, there is 16...
Nb8!?}) 16... Rb8 {In order to understand what happened next, it is important
to know the following game given below.} (16... Re8 17. Qf3 e4 18. Qg3 Kh8 19.
Qxd6 Be5 20. Qh6 Bxf5 21. Nf4 $1 Bd7 22. Rad1 Rc8 23. Rd5 Qc7 24. g3 Rg8 25.
Rfd1 Bg4 26. Be2 {This extremely unclear position arose in the game Karjakin,
S-McShane,L/Pamplona 2003 . Both sides played very well up to this moment, but
in the future mutual mistakes were made and finally Black won.}) (16... Nb8 $2
17. f6 $1 $16 Bxf6 18. Nxf6+ Qxf6 19. Bxd7 Nxd7 20. Qg4+ $18) 17. a4 Re8 18.
Qf3 {The patent of Sergey Karjakin.} (18. Qg4 {is another critical move.} Kh8
$13) 18... e4 19. Qg3 Kh8 20. Qxd6 Be5 {In this particular line (14.Bxb5)
Black must know the theory extremely well. Yuriy Kuzubov is clearly prepared,
following McShane's steps of the above-mentioned game. The inclusion of 16...
Rb8 shows that he has analyzed the position rather deep.} 21. Qc5 $6 {
Unexpectedly Karjakin fails to stand the pressure and collapses,
psychologically admitting opponent's victory in home analysis. He refuses to
follow his own play, probably because the probability that in many lines the
inclusion of moves 16...Rb8 17.a4 would favour Black is very high.
Nevertheless 21.Qh6 was the only principled way Karjakin could test opponent's
play, because in the game White's position quickly goes downhill.} (21. Qh6 {
It is not very clear how can Black take advantage of his rook on b8.} Bxf5 22.
Nf4 $1 (22. Qxc6 $2 Re6 23. Qc4 Rc8 (23... Qh4 24. f4 $3 {the pawn e4 is
pinned and White wins.}) 24. Qa2 {Amazingly, the queen will soon protect h2,
but even this won't help.} Qh4 25. g3 Rg8 $1 (25... Rh6 {can lead to a
spectacular draw:} 26. gxh4 Bxh2+ 27. Kh1 Rxh4 28. Nf6 Bb8+ 29. Kg1 (29. Kg2 $2
Bh3+) 29... Rg8+ 30. Nxg8 Rg4+ $11) 26. b4 (26. Kh1 Qh3 27. b4 (27. Rg1 Qxh2+
28. Kxh2 Rh6+ 29. Kg2 Bh3+ 30. Kh2 Bf1#) 27... Rh6 28. f4 e3 $19) 26... Rh6 27.
f4 exf3 28. Rxf3 Bxg3 $1 $19 29. hxg3 Rxg3+ 30. Rxg3 Qh1+ 31. Kf2 Rh2+ 32. Ke3
Qe4#) (22. Rfd1 $2 Re6 $17) 22... Rb6 {Trying to use the rook on the b-file.} (
{In the endgame arising after} 22... Qd6 23. Qxd6 Bxd6 24. Bxc6 Rec8 25. Ne2
Rxc6 26. Nd4 Rc5 27. b4 {White's pawns look powerful.}) 23. Rfd1 Nd4 $5 (23...
Qb8 24. Nd5 Rxb5 25. axb5 Qxb5 {Although this might appear to favour Black, in
reality White has the initiative because of the safer king and good
coordination of pieces.} 26. Nf6 $36) 24. Qh5 $8 Rxb5 25. axb5 Bxf4 26. Rxd4
Qf6 $13 {In this complicated position it is also White who seems to be able to
use Black's temporary lack of coordination after} 27. g3 Qe6 $5 (27... Be5 28.
Ra6 Be6 29. Rxe4 $16) (27... Qe5 $2 28. Qxf7 e3 29. Rxf4 $18) 28. Ra6 (28. gxf4
$2 Rg8+ 29. Kf1 e3 $1 $40) 28... Qe5 29. Qh4 $1 (29. Qxf7 e3 $36) 29... e3 30.
Qxf4 e2 31. Qxe5+ Rxe5 32. Ra1 e1=Q+ 33. Rxe1 Rxe1+ 34. Kg2 {Black seems to
fight for a draw here.}) 21... Rc8 {Now Black has the initiative.} 22. Qe3 {
A natural desire to retreat the queen from a dangerous position. However, in
this sharp opening line any piece retreat must be made only if there are no
alternatives.} (22. Nb6 Nd4 23. Nxc8 Bxh2+ 24. Kxh2 Qh4+ 25. Kg1 Nf3+ 26. gxf3
Rg8#) (22. Rfd1 $142 {This dangerous-looking move was in the spirit of the
position and represented a good possibility to keep the tension of the game.}
Qh4 (22... Nd4 23. cxd4 Rxc5 24. dxc5 $13) 23. g3 $13) 22... Bxf5 23. Rad1 $2 (
23. Nb6 {was obligatory. Then after} Rc7 24. Rfd1 Qh4 25. g3 {the position
still remains unclear. Black retains the initiative with} Rg8 $5) 23... Re6 $1
$17 {Not fearing ghosts. Black is preparing the decisive attack.} 24. g3 $2 {
Overlooking an unexpected idea.} (24. Nb6 Qh4 (24... Bxh2+ 25. Kxh2 Qh4+ 26.
Kg1 Ne5 $19) 25. g3 Rg8 $19) (24. Nb4 Bxh2+ $1 25. Kxh2 Qh4+ 26. Kg1 Ne5 27. f4
Rg6 28. Rd2 Nf3+ 29. Rxf3 exf3 $19 30. Qxf3 Qe1+) (24. f4 $8 exf3 25. Qxf3 Bc2
$17) 24... Rd6 $19 {All over now. Suddenly White loses because of the pin
along the d-file. Black wins a crucial pawn and simply remains with a piece up.
} 25. c4 (25. Bc4 Nb4 $5 $19) 25... Bxb2 26. Rd2 {Only helps Black to
consolidate, but of course the position is already lost anyway.} (26. f3 exf3
27. Qxf3 Bg6 $19 (27... Bd4+ $2 28. Kg2)) 26... Bg7 27. f3 exf3 28. Qxf3 Bg6
29. Qf4 Ne5 30. Re2 Re6 31. Rfe1 Nd3 32. Rxe6 fxe6 0-1

[Event "Czerniak Memorial 14th"]
[Site "Tel Aviv"]
[Date "1998.04.10"]
[Round "2"]
[White "Polgar, Sofia"]
[Black "Manor, Ilan"]
[Result "1-0"]
[WhiteElo "2485"]
[BlackElo "2530"]
[Annotator "Rogozenco,D"]
[PlyCount "81"]
[EventDate "1998.04.09"]
[EventType "tourn"]
[EventRounds "9"]
[EventCountry "ISR"]
[EventCategory "9"]
[SourceTitle "CBM 065"]
[Source "ChessBase"]
[SourceDate "1998.08.06"]
[SourceVersion "1"]
[SourceVersionDate "1998.08.06"]
[SourceQuality "1"]

1. e4 {Manor,I Kostakiev,D Fritz 5.00 (5s)} c5 2. Nf3 Nc6 3. d4 cxd4 4. Nxd4 e5
5. Nb5 d6 6. N1c3 a6 7. Na3 b5 8. Nd5 Nf6 9. Bg5 Be7 10. Bxf6 Bxf6 11. g3 {
Not a very pretensious move. Black must play accurate to equalize, though.} (
11. c3 {Kostakiev,D} O-O (11... Rb8 {1/2-1/2 Leko,P-Illescas Cordoba,M/Madrid
1998/CBM 65_03 (33)}) 12. Nc2 Bg5 (12... Rb8 {1/2-1/2 Vuckovic,B-Simic,R/
Serbian-ch 1998/CBM 65_03 (25)}) (12... Rb8 13. h4 Ne7 (13... Be7 14. g3 Be6 {
1/2-1/2 Vuckovic,B-Simic,R/Serbian-ch 1998/CBM 65_03 (25)}) 14. Nxf6+ gxf6 15.
Qd2 {+/- Nikolov,Yordan -Vasilev,P/cor fin Cup Bg (37)}) 13. a4 (13. h4 {
Stanec,N-Jelen,I/Zonal 1.1 1998/CBM 65_03/1-0 (85)}) 13... bxa4 14. Rxa4 a5 15.
Bc4 Rb8 {1/2-1/2 Borge,N-Hansen,S/DEN-ch 1998/CBM 65_03}) 11... Bg5 12. Bg2 O-O
13. O-O Ne7 (13... Be6 {Looks more precise.} 14. c3 Rb8 15. Qd3 Ne7 (15... Qd7
$5 16. Rad1 Bd8 $11) 16. f4 Bxd5 17. fxg5 Be6 18. Qe3 b4 19. cxb4 Rxb4 20. b3
Qa5 $13 {Andreev,V-Iskusnyh,S/RUS-Cup5/1997}) 14. Nxe7+ Qxe7 (14... Bxe7 $5 15.
c4 $6 b4 16. Nc2 a5 17. Ne3 Be6 18. Nd5 (18. Qd3 Qd7 19. Rad1 $1 (19. Rfd1 Bg5
20. Nd5 Rab8 $11) 19... a4 20. Nd5 Bxd5 21. Qxd5 $14) 18... Rb8 $1 19. Qd3 Qd7
20. Rfd1 Bd8 $11) 15. h4 $1 {The idea behind this move is to remove the Bishop
from queenside. In such positions Black has two possibilities to solve the
problem with his Bishop from g5: either to exchange it on e3, or to bring it
via d8 on b6. As long as Black cannot realise one of these two possibilities,
White is slightly better.} (15. c3 Rb8 16. Nc2 a5 17. Re1 (17. f4 {Kostakiev,D
0-1 Vallejo Pons Francisco-Solana Ernesto/Ch Spain (team) 1994 (29)}) (17. f4
exf4 18. gxf4 Bf6 19. Nd4 Qc7 20. Qd3 Qb6 21. Rad1 b4 22. c4 b3 23. axb3 Bxd4+
24. Qxd4 Qxb3 25. Qxd6 Bg4 26. Rd5 Qe3+ 27. Kh1 Rxb2 28. f5 Rxg2 29. f6 Rg1+ {
0-1 Vallejo Pons,F-Solana,E/ESP-chT 1994}) 17... Be6 18. Ne3 $6 Bxe3 19. Rxe3
Rfc8 $11 {Ljubojevic,L-Illescas Cordoba,M/Linares m/1993} (19... Rfc8 {Manor,I}
20. Qd2 Rb6 21. Bf1 h6 22. a4 Bc4 23. axb5 Bxf1 24. Rxf1 Rxb5 $11 {1/2-1/2
Ljubojevic,L-Illescas Cordoba,M/Linares m 1993 (32)})) 15... Bh6 16. c4 $1 {
The drawback of this move is usually the weakness of d4 square. Here it
doesn´t matter - Black has no Knights and the Bishop is far away.} (16. c3 {
Manor,I} Be6 17. Nc2 a5 $11) 16... b4 (16... Be6 {Manor,I} 17. Qd3 (17. cxb5
axb5 18. Nxb5 Bc4) 17... bxc4 (17... Rfc8 18. cxb5 axb5 19. Qxb5 Rab8 20. Qe2
$14) 18. Nxc4 Bxc4 19. Qxc4 a5 $14) (16... Rb8 {Manor,I} 17. Qd3 bxc4 18. Nxc4
Be6 19. b3 (19. Nxd6 Rfd8 20. Rfd1 Rd7 21. Qxa6 Rbd8 $17) 19... Rfd8 20. Rfd1
$14) 17. Nc2 a5 (17... Rb8 {Kostakiev,D}) 18. Qd3 $14 Be6 19. b3 (19. Rfd1 {
Kostakiev,D}) 19... Qc7 20. Rad1 (20. Rfd1 {Manor,I} Rfd8 (20... Ra6 21. c5 $1)
21. a3 bxa3 22. Nxa3 $1 (22. Rxa3 Ra7 23. Rda1 Rda8 $13) 22... Ra6 (22... a4
23. Nb5 Qc5 24. Rxa4 Rxa4 25. bxa4 Bxc4 26. Qc3 $16) 23. Nb5 Qc5 24. Qc3 Rda8
25. Ra2 g6 26. Rda1 Qb6 $14) 20... Rad8 (20... Ra6 $2 21. c5) (20... Rfd8 $142
{/\Qc5, a5-a4 with some counterplay on the queenside.}) 21. Qe2 Qc5 22. Rd3 g6
$6 (22... Rd7 23. Rfd1 Ra8 24. Ne3 $140 $6 Bxe3 25. Qxe3 Qxe3 26. Rxe3 a4 27.
Red3 axb3 28. axb3 Ra3 $132 29. Rxd6 Rxd6 30. Rxd6 g6) (22... a4 {Kostakiev,D}
23. Ne3 (23. bxa4 $143 Bxc4 $17) 23... Bxe3 24. Qxe3 $11) 23. Rfd1 Rd7 (23...
Kh8 $1 {Manor,I} 24. Ne3 f5 $13) 24. Kh2 (24. Ne3 {Kostakiev,D} a4 $11) 24...
Kh8 (24... f5 $5 {Kostakiev,D}) 25. Bh3 f5 $2 {In an inferior position Black
makes the decisive mistake. He should have tried to defend passively, although
it´s not easy to find usefull moves.} (25... Kg7 {Manor,I} 26. Ne3 Bxe3 27.
Qxe3 Qxe3 28. fxe3 Rfd8 29. Bxe6 fxe6 30. c5 d5 31. c6 Rc7 32. exd5 exd5 33.
Rxd5 Rxd5 34. Rxd5 Rxc6 35. Rxa5 Kf6 $16) 26. exf5 gxf5 $2 (26... Bxf5 27. Rd5
(27. Bxf5 Rxf5 28. f3 Rf6 29. Rd5 $14) 27... Qa7 (27... Qc7 $14 {Kostakiev,D})
28. Bxf5 Rxf5 29. f3 $16) 27. Nd4 $18 Bg8 (27... exd4 28. Qxe6 $18) (27... Re7
{Manor,I} 28. Nxe6 Rxe6 $16) 28. Nxf5 (28. Bxf5 $143 {Kostakiev,D} Rc7 29. Nb5
Rxf5 $19) 28... Rdf7 (28... Be6 {Kostakiev,D}) 29. Rd5 Qa7 30. Qc2 Rxf5 31.
Bxf5 Bxd5 32. Rxd5 {Despite the opposite colours Bishops, Black is lost. It´s
impossible to defend all weaknesses - the King, pawns a5 and d6.} (32. cxd5 $6
{Kostakiev,D} e4 (32... Qf7 33. g4 Qf6 34. Kh3 Bg7 35. Rc1 $16) 33. g4 e3 34.
fxe3 Qxe3 $16) 32... Qf7 33. g4 Bf4+ 34. Kh3 {[#]} h5 (34... Qc7 35. c5 dxc5 (
35... Qb7 {Kostakiev,D} 36. Qd1 dxc5 37. Rd7 $18) 36. Rd7 $18) (34... Qb7 {
Kostakiev,D} 35. Be4 h5 36. Rxd6 (36. gxh5 $6) 36... hxg4+ 37. Kxg4 Qg7+ 38.
Rg6 Qd7+ 39. Bf5 $18) 35. Rxd6 hxg4+ (35... Qb7 {Kostakiev,D} 36. Rd5 $18) 36.
Bxg4 Rg8 37. Rd7 Qg6 38. Qxg6 Rxg6 39. Bf3 Rg1 (39... Rg7 40. Rxg7 Kxg7 41. Be4
$18) 40. c5 Rc1 41. c6 1-0